000 00611 a2200181 4500
999 _c183216
_d183216
005 20211220170519.0
010 _aENG-130442
020 _a978-93-89949-11-7
_c445.00
035 _aEN-113974
037 _bDBAD/PUB
082 _a000
_b1
100 _aMehrishi, Rajiv
245 _aImportant Contemporary Issues:
_cRajiv Mehrishi
_bConcepts Explained
260 _aTamill Nadu
_bMcGraw Hill Education Private Limited
_c2021
270 _a444/1, Sri Ekambara Naicker Industrial Estate, Alapakkam, Porur
_bChennai
_e600116
300 _a11.439p.
_c22cm (pbk)
942 _adpl
_cEN
_2ddc
_h000
_mMEH